00605nam a2200193 a 450000100100000000500170001000800410002702000150006804000250008310000310010824500530013925000160019226000300020830000210023850000210025904900090028095201050028999900170039400002664220200930030329.0110324s19uu dr 000 0 spa d a8439985533 aDO-SdBNPbspacBNPHU1 aGimbernard, Jacinto95376210aHistoria de Santo Domingo /cJacinto Gimbernard. a7a ed. rev. aMadrid :bMELSA,c[198?]. a397 p. ;c21 cm. aIncluye índice aBNPD 0010718PDaPDbPDcCTd2011-03-24iLF1l0o p26642-10r2020-06-25w2020-06-25yLFPDZNo se presta c26134d26134